Tajdid-I Ma'a Shiyat : / تجدید معا شیات (Record no. 25233)
[ view plain ]
| 000 -LEADER | |
|---|---|
| fixed length control field | 00548nam a22001817a 4500 |
| 003 - CONTROL NUMBER IDENTIFIER | |
| control field | BDDh-ASL |
| 005 - DATE AND TIME OF LATEST TRANSACTION | |
| control field | 20231015030450.0 |
| 008 - FIXED-LENGTH DATA ELEMENTS--GENERAL INFORMATION | |
| fixed length control field | 210626s1955 ii ||||| |||| 00| 0 u d |
| 040 ## - CATALOGING SOURCE | |
| Original cataloging agency | BDDh-ASL |
| Transcribing agency | BDDh-ASL |
| 082 ## - DEWEY DECIMAL CLASSIFICATION NUMBER | |
| Classification number | 297.8 |
| Item number | BAT |
| 100 1# - MAIN ENTRY--PERSONAL NAME | |
| 9 (RLIN) | 4123 |
| Personal name | Bari, Abdul |
| 245 10 - TITLE STATEMENT | |
| Title | Tajdid-I Ma'a Shiyat : / تجدید معا شیات |
| 246 ## - VARYING FORM OF TITLE | |
| Title proper/short title | Tajdid-I Ma'a Shiyat |
| 260 ## - PUBLICATION, DISTRIBUTION, ETC. | |
| Place of publication, distribution, etc. | Lucknow : |
| Name of publisher, distributor, etc. | Hafizur Rahman (Tanwir Press) , |
| Date of publication, distribution, etc. | October, 1955, |
| 300 ## - PHYSICAL DESCRIPTION | |
| Extent | 518 p. : |
| Dimensions | 18 cm. |
| 650 #0 - SUBJECT ADDED ENTRY--TOPICAL TERM | |
| 9 (RLIN) | 1652 |
| Topical term or geographic name entry element | Islam |
| General subdivision | Livelihood, Islam |
| 942 ## - ADDED ENTRY ELEMENTS (KOHA) | |
| Source of classification or shelving scheme | Dewey Decimal Classification |
| Koha item type | Books |
| Withdrawn status | Lost status | Source of classification or shelving scheme | Damaged status | Not for loan | Collection code | Home library | Current library | Shelving location | Date acquired | Source of acquisition | Serial Enumeration / chronology | Total Checkouts | Full call number | Barcode | Date last seen | Copy number | Price effective from | Koha item type | Public note |
|---|---|---|---|---|---|---|---|---|---|---|---|---|---|---|---|---|---|---|---|
| Dewey Decimal Classification | Non-fiction | Asiatic Society Library | Asiatic Society Library | General Stacks | 06/26/2021 | ASB Library Collection | U-0028 | 297.8 BAT | 109963 | 06/26/2021 | C-1 | 06/26/2021 | Books | Rare |